Country Demonyms Ended with "-ean" - Statistics

General Stats
  • This quiz has been taken 331 times
    322 since last reset
  • The average score is 5 of 15
Answer Stats
Answer % Correct
Chilean
68%
North Korean
60%
South Korean
60%
Guinean
35%
Eritrean
32%
Belizean
27%
Equatorial Guinean
23%
Singaporean
23%
Papua New Guinean
22%
Zimbabwean
22%
Argentinean
21%
Cape Verdean
20%
Ecuadorean
20%
Sierra Leonean
15%
Sao Tomean
10%
No matching quizzes found
Score Distribution
Percent of People with Each Score
Percentile by Number Answered
Your Score History
You have not taken this quiz since the last reset